00425 a2200157 4500003000400000005001700004008004100021020001800062040000900080082001800089100003100107245006100138250001200199260004600211300001000257OSt20240123100810.0240123b |||||||| |||| 00| 0 eng d a9789392115615 coclc a297.61bHUD/I aHudawi, Muhammad Jabir Ali aImam al-Haramayn al-Juwayni /cMuhammad Jabir Ali Hudawi a1st ed. aMalappuram:bBook Plus Publishers,c2023. a176p.